| 000 | 00987nab a22002297a 4500 | ||
|---|---|---|---|
| 999 |
_c5702 _d5702 |
||
| 003 | OSt | ||
| 005 | 20251229121209.0 | ||
| 008 | 190429b xxu||||| |||| 00| 0 spa d | ||
| 040 | _cPJ | ||
| 100 |
_96635 _aCesano, José Daniel |
||
| 245 | 1 | 3 |
_aEl Principio de Legalidad Penitenciaria. Perspectiva histórica, constitucional y valoración política criminal /
_cJosé Daniel Cesano. |
| 260 |
_cCiudad Autónoma de Buenos Aires : _aThomson Reuters La Ley, _b2025. |
||
| 300 | _ap. 193-199 | ||
| 500 | _aCita: TR LALEY AR/DOC/2192/2025. | ||
| 505 | _tSi te interesa el texto completo, solicitalo a koha@justierradelfuego.gov.ar | ||
| 650 | 0 |
_9343 _aDERECHO PENAL |
|
| 650 | 0 |
_92589 _aPOLITICA CRIMINAL |
|
| 650 | 0 |
_9179 _aGARANTIAS CONSTITUCIONALES › |
|
| 650 | 0 |
_94048 _aCUMPLIMIENTO DE LA PENA |
|
| 773 | 0 |
_02658 _93164 _tRevista de derecho penal y criminología. Nº 8 - Octubre 2025 _dCiudad Autónoma de Buenos Aires : Thomson Reuters La Ley, 2017- _x00347914 |
|
| 942 |
_2udc _cANA |
||